| 000 | 00785nac a22002291i 4500 | ||
|---|---|---|---|
| 003 | EG-ScBUE | ||
| 005 | 20241110104416.0 | ||
| 008 | 241110s1969 ru a f b 001 0 eng d | ||
| 040 |
_aEG-ScBUE _beng _erda _cEG-ScBUE _dEG-ScBUE |
||
| 082 | 0 | 4 |
_a519.1 _bGNE _222 |
| 100 | 1 |
_aGnedenko, Boris Vladimh, _eauthor. |
|
| 245 | 1 | 4 |
_aThe theory of probability / _cby B. V. Gnedenko ; translated from the Russian by George Yankovsky. |
| 264 | 1 |
_aMoscow : _bMIR Publishers, _c1969. |
|
| 300 |
_a405 pages : _billustrations ; _c22 cm |
||
| 336 |
_2rdacontent _atext _btxt |
||
| 337 |
_aunmediated _2rdamedia _bn |
||
| 338 |
_avolume _bnc _2rdacarrier |
||
| 504 | _aIncludes bibliographical references and index. | ||
| 650 | 7 |
_aProbabilities. _2BUEsh |
|
| 655 | _vReading book | ||
| 942 |
_cBB _2ddc |
||
| 999 |
_c4562 _d4562 |
||